Statystyki dla Miasta, w których odbyły się Igrzyska Olimpijskie

Kliknij tutaj aby rozwiązać quiz!

Ogólne statystyki

  • Ten quiz został rozwiązany 115 razy
  • Średni wynik to 46 z 62

Statystyki odpowiedzi

RokIgrzyskaKrajMiasto% Poprawnych
1924LetnieFrancjaParyż
100%
1900LetnieFrancjaParyż
100%
2024LetnieFrancjaParyż
100%
1896LetnieKrólestwo GrecjiAteny
98%
2004LetnieGrecjaAteny
98%
2012LetnieWielka BrytaniaLondyn
98%
1944Letnie (Odwołane)Wielka BrytaniaLondyn
98%
1948LetnieWielka BrytaniaLondyn
98%
1908LetnieWielka BrytaniaLondyn
98%
2020LetnieJaponiaTokio
97%
1964LetnieJaponiaTokio
97%
1936LetnieIII RzeszaBerlin
95%
1916Letnie (Odwołane)Cesarstwo NiemieckieBerlin
95%
1956LetnieAustralia/SzwecjaMelbourne/Sztokholm
94%
2022ZimoweChinyPekin
94%
2008LetnieChinyPekin
94%
1984LetnieStany ZjednoczoneLos Angeles
89%
1932LetnieStany ZjednoczoneLos Angeles
89%
2028LetnieStany ZjednoczoneLos Angeles
89%
1972LetnieNiemcyMonachium
89%
1980LetnieZwiązek RadzieckiMoskwa
89%
1960LetnieWłochyRzym
89%
1988LetnieKorea PołudniowaSeul
89%
2014ZimoweRosjaSoczi
89%
2000LetnieAustraliaSydney
89%
1992LetnieHiszpaniaBarcelona
88%
1952LetnieFinlandiaHelsinki
88%
1940Letnie (Odwołane)FinlandiaHelsinki
88%
1912LetnieSzwecjaSztokholm
88%
2016LetnieBrazyliaRio de Janeiro
87%
2006ZimoweWłochyTuryn
86%
1928LetnieHolandiaAmsterdam
85%
1952ZimoweNorwegiaOslo
84%
2026ZimoweWłochyMediolan/Cortina d'Ampezzo
81%
1968LetnieMeksykMeksyk
81%
2010ZimoweKanadaVancouver
80%
1996LetnieStany ZjednoczoneAtlanta
73%
1920LetnieBelgiaAntwerpia
71%
1964ZimoweAustriaInnsbruck
71%
1976ZimoweAustriaInnsbruck
71%
1972ZimoweJaponiaSapporo
71%
1976LetnieKanadaMontreal
70%
1984ZimoweJugosławiaSarajewo
69%
2002ZimoweStany ZjednoczoneSalt Lake City
67%
2018ZimoweKorea PołudniowaPjongczang
62%
1998ZimoweJaponiaNagano
55%
1994ZimoweNorwegiaLillehammer
54%
1988ZimoweKanadaCalgary
49%
1924ZimoweFrancjaChamonix
46%
2032LetnieAustraliaBrisbane
44%
1936ZimoweIII RzeszaGarmisch-Partenkirchen
43%
1940Zimowe (Odwołane)III RzeszaGarmisch-Partenkirchen
43%
1980ZimoweStany ZjednoczoneLake Placid
43%
1932ZimoweStany ZjednoczoneLake Placid
43%
1968ZimoweFrancjaGrenoble
39%
1904LetnieStany ZjednoczoneSaint Louis
39%
1992ZimoweFrancjaAlbertville
38%
1944Zimowe (Odwołane)WłochyCortina d’Ampezzo
38%
1956ZimoweWłochyCortina d’Ampezzo
38%
1928ZimoweSzwajcariaSankt Moritz
33%
1948ZimoweSzwajcariaSankt Moritz
33%
1960ZimoweStany ZjednoczoneSquaw Valley
26%

Rozkład punktacji

Percentyl według liczby udzielonych odpowiedzi

Procent ludzi z każdym wynikiem

Twoja historia wyników

Nie rozwiązałeś tego quizu